[Event "USCL San Francisco vs Baltimore"]
[Site "?"]
[Date "2005.10.05"]
[Round "6"]
[White "Battsetseg, Tsagaan"]
[Black "Lee, Andy"]
[Result "1-0"]
[WhiteElo "2242"]
[BlackElo "2270"]
[PlyCount "119"]
[EventDate "2015.05.30"]
[SourceDate "2015.05.31"]

1. e4 e6 2. d4 d5 3. Nd2 Nf6 4. e5 Nfd7 5. Bd3 c5 6. c3 Nc6 7. Ne2 Qb6 8. Nf3
cxd4 9. cxd4 f6 10. exf6 Nxf6 11. O-O Bd6 12. Bf4 Bxf4 13. Nxf4 Qxb2 14. Ng5
O-O 15. Rb1 Qxa2 16. Rb3 Nxd4 17. Rc3 Qa5 18. Bxh7+ Nxh7 19. Qxd4 Nxg5 20. Nh5
Rf7 21. Rg3 Qd8 22. h4 e5 23. Qxe5 Ne6 24. Rd1 d4 25. Rdd3 Qc7 26. Nf6+ Kf8 27.
Nh7+ Ke7 28. Qe1 Kd8 29. Ng5 Nxg5 30. Rxg5 Qc4 31. Qd2 Rd7 32. Rg4 a5 33. Rgxd4
Qe6 34. Rd6 Qe7 35. Rxd7+ Bxd7 36. Re3 Qb4 37. Qd5 Ra6 38. Rd3 Qe1+ 39. Kh2 Qe7
40. Qxb7 Qe5+ 41. g3 Rd6 42. Qb8+ Ke7 43. Re3 Qxe3 44. fxe3 a4 45. Qb4 Ke6 46.
g4 Bc6 47. g5 Rd7 48. h5 Rd5 49. Qc4 Kd6 50. h6 gxh6 51. gxh6 Rd2+ 52. Kh3 Rd1
53. Qf4+ Kc5 54. Qg5+ Kb6 55. Qf4 Rh1+ 56. Kg4 a3 57. Qb4+ Bb5 58. Qd4+ Kb7 59.
Qd5+ Bc6 60. Qxh1 1-0

[Event "USCL Philadelphia vs Carolina"]
[Site "?"]
[Date "2005.10.05"]
[Round "6"]
[White "Hoekstra, Matthew"]
[Black "Costigan, Richard"]
[Result "0-1"]
[WhiteElo "2395"]
[BlackElo "2284"]
[PlyCount "56"]
[EventDate "2015.05.30"]
[SourceDate "2015.05.31"]

1. d4 d5 2. c4 c6 3. cxd5 cxd5 4. Nc3 Nf6 5. Nf3 Nc6 6. Bf4 e6 7. Rc1 Bd6 8.
Ne5 O-O 9. e3 Bxe5 10. dxe5 Nd7 11. Bd3 g6 12. h4 Ndxe5 13. Bb1 h5 14. Rh3 Ng4
15. f3 e5 16. Bg5 Nxe3 17. Qe2 Qa5 18. Qxe3 d4 19. Qd2 dxc3 20. Rxc3 Bxh3 21.
Bf6 Kh7 22. Be4 Qb6 23. Kf1 Nd4 24. Qg5 Bf5 25. Bxf5 Nxf5 26. g4 Ng3+ 27. Kg2
Ne2 28. Re3 Nf4+ 0-1

[Event "USCL Philadelphia vs Carolina"]
[Site "?"]
[Date "2005.10.05"]
[Round "6"]
[White "Bengtson, Matthew"]
[Black "Jones, Craig"]
[Result "0-1"]
[WhiteElo "2271"]
[BlackElo "2273"]
[PlyCount "84"]
[EventDate "2015.05.30"]
[SourceDate "2015.05.31"]

1. d4 Nf6 2. c4 e6 3. Nc3 Bb4 4. e3 c5 5. Nge2 d5 6. a3 cxd4 7. axb4 dxc3 8.
Nxc3 O-O 9. b3 Nc6 10. b5 Ne7 11. Ba3 Qa5 12. Bb2 Qc7 13. Be2 Rd8 14. Qc1 dxc4
15. Bxc4 b6 16. f3 Nf5 17. O-O Bb7 18. Re1 Nh4 19. e4 h6 20. Qe3 Nh5 21. Ne2
Ng6 22. Rec1 Qe7 23. Ra2 Rd7 24. g3 Qd8 25. Raa1 Qg5 26. Qxg5 hxg5 27. Nd4 g4
28. Nc6 gxf3 29. Rd1 Rc7 30. Kf2 Nf6 31. Kxf3 a6 32. Bxf6 gxf6 33. Rd8+ Rxd8
34. Nxd8 Ne5+ 35. Ke3 axb5 36. Bxb5 Rc3+ 37. Kd4 Rxb3 38. Be2 Rb4+ 39. Kc3 Rxe4
40. Bb5 Bd5 41. Ra6 Re3+ 42. Kd2 Rb3 0-1

[Event "USCL Philadelphia vs Carolina"]
[Site "?"]
[Date "2005.10.05"]
[Round "6"]
[White "Pecora, David"]
[Black "Wilson, Elvin"]
[Result "0-1"]
[WhiteElo "2098"]
[BlackElo "2240"]
[PlyCount "76"]
[EventDate "2015.05.30"]
[SourceDate "2015.05.31"]

1. e4 e6 2. d4 d5 3. Nc3 Nf6 4. e5 Nfd7 5. f4 c5 6. Nf3 Nc6 7. Be3 a6 8. dxc5
Bxc5 9. Qd2 O-O 10. O-O-O b5 11. Qf2 Bxe3+ 12. Qxe3 b4 13. Ne2 Qc7 14. Ng5 h6
15. Nf3 f6 16. Ned4 Nxd4 17. Nxd4 Nc5 18. exf6 Rxf6 19. g3 Bb7 20. Bh3 Re8 21.
Rhe1 Ne4 22. Qb3 Kh8 23. Qxb4 e5 24. fxe5 Rxe5 25. Bf1 Bc8 26. Re3 Rf2 27. Bd3
Bg4 28. Rde1 Nc5 29. Bg6 Ne4 30. Bxe4 dxe4 31. Rxe4 Rxe4 32. Rxe4 Bf5 33. Qe7
Qc4 34. Re2 Rf1+ 35. Re1 Rxe1+ 36. Qxe1 Qxd4 37. Qf1 Qe3+ 38. Kd1 Bg4+ 0-1

[Event "USCL New York vs Boston"]
[Site "?"]
[Date "2005.10.12"]
[Round "7"]
[White "Stripunsky, Alex"]
[Black "Friedel, Josh"]
[Result "1/2-1/2"]
[WhiteElo "2642"]
[BlackElo "2508"]
[PlyCount "123"]
[EventDate "2015.05.30"]
[SourceDate "2015.05.31"]

1. c4 e5 2. Nc3 Nf6 3. Nf3 Nc6 4. a3 Be7 5. e3 O-O 6. Qc2 d6 7. Bd3 g6 8. b3
Re8 9. Bb2 Bf8 10. Ng5 Bg7 11. h4 Ne7 12. Be2 h6 13. Nge4 Nxe4 14. Nxe4 Be6 15.
d4 exd4 16. Bxd4 Bxd4 17. exd4 Nc6 18. O-O-O Bf5 19. Bf3 Qe7 20. Rhe1 Qxh4 21.
g3 Bxe4 22. Bxe4 Qf6 23. Qd2 Kg7 24. Re3 Rab8 25. Kc2 Re7 26. Rf3 Qg5 27. Qxg5
hxg5 28. Bd5 g4 29. Re3 Rxe3 30. fxe3 Ne7 31. Be4 c6 32. Rh1 Re8 33. Kc3 Ng8
34. Kd3 Nf6 35. Bg2 Nh5 36. Rg1 Nxg3 37. Bxc6 bxc6 38. Rxg3 f5 39. b4 Kf6 40.
Rg1 Kg5 41. a4 a6 42. b5 axb5 43. axb5 cxb5 44. cxb5 d5 45. b6 Rb8 46. Rb1 g3
47. b7 Kg4 48. Ke2 g5 49. Rb6 f4 50. exf4 gxf4 51. Rg6+ Kf5 52. Rg7 Kf6 53. Rg4
Rxb7 54. Kf3 Rg7 55. Rxf4+ Ke6 56. Kg2 Rg5 57. Rf3 Rg4 58. Rxg3 Rxd4 59. Kf2
Re4 60. Re3 Ke5 61. Rxe4+ Kxe4 62. Ke2 1/2-1/2

[Event "USCL New York vs Boston"]
[Site "?"]
[Date "2005.10.12"]
[Round "7"]
[White "Kelleher, William"]
[Black "Bonin, Jay"]
[Result "0-1"]
[WhiteElo "2383"]
[BlackElo "2421"]
[PlyCount "102"]
[EventDate "2015.05.30"]
[SourceDate "2015.05.31"]

1. e4 e6 2. d4 d5 3. e5 c5 4. c3 Qb6 5. Nf3 Bd7 6. a3 a5 7. b3 Nc6 8. Be3 Nh6
9. Bd3 Ng4 10. O-O Nxe3 11. fxe3 Be7 12. Nbd2 O-O 13. Qb1 g6 14. Kh1 Kg7 15.
dxc5 Qxc5 16. e4 f6 17. b4 Qb6 18. exd5 exd5 19. Qb3 Be6 20. c4 axb4 21. cxd5
Na5 22. exf6+ Bxf6 23. Qxb4 Qxb4 24. axb4 Bxa1 25. bxa5 Bc3 26. Ne4 Bf5 27. Rb1
Rf7 28. Rb3 Rxa5 29. Rxc3 Ra1+ 30. Ng1 Bxe4 31. Bxe4 Rff1 32. Rc7+ Kf6 33. h4
Rf4 34. Rxh7 Rxe4 35. Kh2 Re7 36. Rh8 Rd7 37. Nf3 Rxd5 38. Rh7 b5 39. Rb7 Rb1
40. Kg3 b4 41. Kf4 Ke6 42. Ke4 Kd6 43. Rb6+ Kc5 44. Rxg6 b3 45. Rg8 Rd6 46.
Rc8+ Rc6 47. Rb8 Rb6 48. Rc8+ Kd6 49. Nd2 Re1+ 50. Kd3 Rd1 51. Kc3 Rc1+ 0-1

[Event "USCL New York vs Boston"]
[Site "?"]
[Date "2005.10.12"]
[Round "7"]
[White "Braylovsky, Gregory"]
[Black "Riordan, Charles"]
[Result "1-0"]
[WhiteElo "2386"]
[BlackElo "2283"]
[PlyCount "73"]
[EventDate "2015.05.30"]
[SourceDate "2015.05.31"]

1. e4 c5 2. Nf3 Nc6 3. Bb5 g6 4. O-O Bg7 5. c3 Nf6 6. Re1 O-O 7. e5 Nd5 8. d4
cxd4 9. cxd4 d6 10. Nc3 dxe5 11. Bxc6 bxc6 12. Nxe5 Nxc3 13. bxc3 Qb6 14. Ba3
Re8 15. Bc5 Qa6 16. Qf3 Bxe5 17. Rxe5 Be6 18. Qe3 Qc4 19. h4 Rab8 20. Bxa7 Rb2
21. a4 Rc2 22. a5 Rxc3 23. Qe1 Bd5 24. Bc5 e6 25. a6 Ra8 26. a7 Rb3 27. Re3 Rb7
28. Rc3 Qb5 29. h5 f6 30. h6 Qb2 31. Rcc1 Rb5 32. Qe3 Kf7 33. Ba3 Qb3 34. Qf4
Rxa7 35. Qd6 Rb8 36. Rcb1 Rxa3 37. Qc7+ 1-0

[Event "USCL New York vs Boston"]
[Site "?"]
[Date "2005.10.12"]
[Round "7"]
[White "Krasik, Ilya"]
[Black "Rosenberg, Evan"]
[Result "1-0"]
[WhiteElo "2153"]
[BlackElo "2123"]
[PlyCount "69"]
[EventDate "2015.05.30"]
[SourceDate "2015.05.31"]

1. d4 Nf6 2. c4 e6 3. Nf3 Bb4+ 4. Bd2 Qe7 5. g3 Nc6 6. Nc3 Bxc3 7. Bxc3 Ne4 8.
Rc1 Nxc3 9. Rxc3 d6 10. d5 Nb8 11. Bg2 O-O 12. dxe6 fxe6 13. Nd4 c6 14. O-O a5
15. Ra3 e5 16. Nc2 Be6 17. Ne3 Nd7 18. Rd3 Nb6 19. Rxd6 Nxc4 20. Nxc4 Bxc4 21.
Rd7 Qb4 22. Qc2 Be6 23. a3 Qb5 24. Rd6 Bd5 25. a4 Qb4 26. Bxd5+ cxd5 27. Rxd5
Rac8 28. Qd2 Qxa4 29. Rxa5 Qe4 30. Rb5 Rc2 31. Qd7 Rxe2 32. Rxb7 Qg6 33. Qd5+
Kh8 34. Qf3 Rxf2 35. Qxf2 1-0

[Event "USCL Baltimore vs Philadelphia"]
[Site "?"]
[Date "2005.10.12"]
[Round "7"]
[White "Charbonneau, Pascal"]
[Black "Rogers, Norman"]
[Result "0-1"]
[WhiteElo "2508"]
[BlackElo "2319"]
[PlyCount "60"]
[EventDate "2015.05.30"]
[SourceDate "2015.05.31"]

1. e4 c6 2. d4 d5 3. e5 g6 4. f4 h5 5. Nf3 Nh6 6. Be2 Na6 7. O-O Nc7 8. b3 Bg4
9. Be3 Nf5 10. Bf2 Ne6 11. Qd2 Bh6 12. g3 Qd7 13. h4 f6 14. c3 O-O-O 15. Na3 g5
16. fxg5 fxg5 17. hxg5 Bxf3 18. gxh6 Be4 19. Bd3 Rdg8 20. Bxe4 dxe4 21. Be1
Nxg3 22. Bxg3 Rxg3+ 23. Kh2 Rh3+ 24. Kxh3 Nf4+ 25. Kg3 Qg4+ 26. Kf2 Qf3+ 27.
Ke1 Nd3+ 28. Qxd3 Qxd3 29. Rc1 e3 30. Rc2 Rxh6 0-1

[Event "USCL Baltimore vs Philadelphia"]
[Site "?"]
[Date "2005.10.12"]
[Round "7"]
[White "Costigan, Richard"]
[Black "Enkhbat, Tegshsuren"]
[Result "0-1"]
[WhiteElo "2284"]
[BlackElo "2420"]
[PlyCount "64"]
[EventDate "2015.05.30"]
[SourceDate "2015.05.31"]

1. e4 c6 2. d4 d5 3. e5 Bf5 4. c4 e6 5. Nc3 dxc4 6. Bxc4 Nd7 7. Nge2 Nb6 8. Bb3
Ne7 9. Ng3 Bg6 10. h4 h5 11. Bg5 Qd7 12. Nce4 Nf5 13. Nxf5 Bxf5 14. f3 Bxe4 15.
fxe4 Bb4+ 16. Ke2 Be7 17. Qd3 f6 18. Bf4 O-O-O 19. Rhd1 f5 20. Qh3 Kb8 21. exf5
Nd5 22. Bh2 Qe8 23. Rf1 exf5 24. Rxf5 Qg6 25. Raf1 Ka8 26. R1f3 Qh6 27. Rf1 g5
28. hxg5 Bxg5 29. Qf3 Bc1 30. Qe4 Rhg8 31. Bxd5 Qd2+ 32. Kf3 Qxg2# 0-1

[Event "USCL Baltimore vs Philadelphia"]
[Site "?"]
[Date "2005.10.12"]
[Round "7"]
[White "Lopez, Bruci"]
[Black "Wilson, Elvin"]
[Result "0-1"]
[WhiteElo "2424"]
[BlackElo "2240"]
[PlyCount "61"]
[EventDate "2015.05.30"]
[SourceDate "2015.05.31"]

1. e4 e6 2. d4 d5 3. Nc3 Nf6 4. Bg5 Bb4 5. e5 h6 6. Bd2 Bxc3 7. bxc3 Ne4 8. Qg4
Kf8 9. h4 c5 10. Bd3 Nxd2 11. Kxd2 Nc6 12. Rh3 c4 13. Be2 b5 14. Rf3 Bd7 15.
Nh3 Ne7 16. Nf4 Nf5 17. Rh1 a5 18. Nh5 Rg8 19. Qf4 b4 20. Ng3 Qb6 21. Nxf5 exf5
22. h5 Be6 23. Rb1 Ke7 24. Kc1 Rgb8 25. a3 bxa3 26. Rxb6 Rxb6 27. Kd2 a2 28.
Rg3 Kf8 29. Qh4 a1=Q 30. Rxg7 Kxg7 31. Qf6+ 0-1

[Event "USCL Baltimore vs Philadelphia"]
[Site "?"]
[Date "2005.10.12"]
[Round "7"]
[White "Baczynskyj, Boris"]
[Black "Battsetseg, Tsagaan"]
[Result "1/2-1/2"]
[WhiteElo "2221"]
[BlackElo "2242"]
[PlyCount "155"]
[EventDate "2015.05.30"]
[SourceDate "2015.05.31"]

1. e4 c6 2. d4 d6 3. f4 g6 4. Nf3 Bg7 5. h3 Nd7 6. Nc3 Ngf6 7. g4 O-O 8. Be3 b5
9. g5 Nh5 10. Bd3 e5 11. dxe5 dxe5 12. f5 Re8 13. Nh4 Bf8 14. Qf3 Bc5 15. Ne2
Bxe3 16. Qxe3 Qa5+ 17. c3 Qb6 18. Qf3 Nc5 19. Bc2 a5 20. b4 axb4 21. cxb4 Ne6
22. fxe6 Bxe6 23. Nf5 Ra7 24. Nh6+ Kg7 25. Bb3 Bxb3 26. Qxb3 Nf4 27. Nxf4 Qd4
28. Nh5+ Kf8 29. Ke2 Qxe4+ 30. Kf2 gxh5 31. Qf3 Qxb4 32. Rhf1 Qd2+ 33. Qe2 Qxg5
34. Qe3 Qxe3+ 35. Kxe3 Re6 36. Nf5 Ra3+ 37. Ke4 Ra4+ 38. Kf3 Ra3+ 39. Kg2 e4
40. Rf2 Rg6+ 41. Kh2 e3 42. Rd1 Ke8 43. Re2 Rf6 44. Nxe3 Re6 45. Rde1 Kd7 46.
Nf5 c5 47. Rd1+ Kc7 48. Rc2 Kb6 49. Rd5 b4 50. Nd6 Rc3 51. Nc4+ Kb5 52. Rxc3
bxc3 53. Na3+ Kb4 54. Nc2+ Kc4 55. Rg5 Re2+ 56. Rg2 Rd2 57. Kg3 Kd3 58. Ne1+
Ke4 59. a4 h4+ 60. Kh2 Rb2 61. a5 Rb8 62. a6 Rb6 63. Ra2 Rb2+ 64. Rxb2 cxb2 65.
a7 b1=Q 66. a8=Q+ Kd4 67. Qd8+ Kc3 68. Qf6+ Kd2 69. Qf2+ Kd1 70. Qxc5 Qb8+ 71.
Kh1 Kxe1 72. Qe3+ Kd1 73. Qd4+ Kc2 74. Qf2+ Kd3 75. Qxf7 Qb1+ 76. Kg2 Qc2+ 77.
Qf2 Qxf2+ 78. Kxf2 1/2-1/2

[Event "USCL Miami vs Dallas"]
[Site "?"]
[Date "2005.10.12"]
[Round "7"]
[White "Becerra, Julio"]
[Black "Panchanathan, Magesh"]
[Result "1/2-1/2"]
[WhiteElo "2613"]
[BlackElo "2499"]
[PlyCount "115"]
[EventDate "2015.05.30"]
[SourceDate "2015.05.31"]

1. e4 e5 2. Nf3 Nc6 3. Bb5 a6 4. Ba4 Nf6 5. O-O Be7 6. Re1 b5 7. Bb3 d6 8. c3
O-O 9. d4 Bg4 10. d5 Na5 11. Bc2 c6 12. h3 Bc8 13. dxc6 Qc7 14. Nbd2 Qxc6 15.
Nf1 Nc4 16. Ng3 g6 17. a4 Re8 18. b3 Nb6 19. axb5 axb5 20. Rxa8 Qxa8 21. Bh6
Qc6 22. Qd2 Be6 23. Nf5 Bxf5 24. exf5 Nbd5 25. Bd3 Nxc3 26. b4 Ncd5 27. Rc1 Qd7
28. Bb1 Nb6 29. Qg5 e4 30. Nd4 d5 31. fxg6 hxg6 32. Rc6 Kh7 33. Rxf6 Bxf6 34.
Qxf6 Kxh6 35. Qxb6 Rc8 36. Qf6 Rc1+ 37. Kh2 Kh7 38. Ba2 Rf1 39. Qf4 Kg8 40.
Qb8+ Kh7 41. Qf4 Rd1 42. Qe5 Rd2 43. Bxd5 f6 44. Qxe4 Qc7+ 45. f4 Qd6 46. Bf7
f5 47. Nxf5 gxf5 48. Qxf5+ Kg7 49. Be6 Qd4 50. Qg5+ Kf8 51. Qg8+ Ke7 52. Qf7+
Kd8 53. Qf8+ Kc7 54. Qc8+ Kb6 55. Qb8+ Kc6 56. Qc8+ Kb6 57. Qb8+ Kc6 58. Qc8+
1/2-1/2

[Event "USCL Miami vs Dallas"]
[Site "?"]
[Date "2005.10.12"]
[Round "7"]
[White "Schneider, Dmitry"]
[Black "Martinez, Marcel"]
[Result "0-1"]
[WhiteElo "2509"]
[BlackElo "2451"]
[PlyCount "84"]
[EventDate "2015.05.30"]
[SourceDate "2015.05.31"]

1. e4 c5 2. Nf3 d6 3. d4 cxd4 4. Nxd4 Nf6 5. Nc3 g6 6. Be3 Bg7 7. f3 O-O 8. Qd2
Nc6 9. Bc4 Bd7 10. O-O-O Rc8 11. Bb3 Ne5 12. Kb1 Re8 13. h4 h5 14. Bh6 Qa5 15.
Bxg7 Kxg7 16. g4 hxg4 17. h5 Rh8 18. hxg6 fxg6 19. Ne6+ Bxe6 20. Bxe6 Nxf3 21.
Qe3 Rxc3 22. bxc3 Rxh1 23. Rxh1 Qb6+ 24. Qxb6 axb6 25. Kc1 g3 26. Bh3 g5 27.
Bg2 g4 28. Rd1 Nxe4 29. Rd3 Kg6 30. c4 Kg5 31. Rb3 Kf4 32. Rxb6 Nc5 33. a4 Nh4
34. Bh1 g2 35. Bxg2 Nxg2 36. a5 Ne3 37. Rxb7 g3 38. Rb1 g2 39. Kd2 Nf1+ 40. Ke2
g1=Q 41. Rxf1+ Qxf1+ 42. Kxf1 Ke3 0-1

[Event "USCL Miami vs Dallas"]
[Site "?"]
[Date "2005.10.12"]
[Round "7"]
[White "Lugo, Blas"]
[Black "Fernandez, Daniel"]
[Result "1-0"]
[WhiteElo "2429"]
[BlackElo "2435"]
[PlyCount "71"]
[EventDate "2015.05.30"]
[SourceDate "2015.05.31"]

1. e4 c5 2. Nf3 e6 3. Nc3 a6 4. d4 cxd4 5. Nxd4 Qc7 6. Be3 Nf6 7. Bd3 Nc6 8.
O-O Be7 9. Nxc6 dxc6 10. f4 e5 11. f5 h5 12. h3 b5 13. a4 b4 14. Nb1 c5 15. Nd2
Bb7 16. Qf3 Rd8 17. Nc4 b3 18. Rae1 h4 19. Bd2 Rd4 20. Bc3 bxc2 21. Bxd4 cxd4
22. Rc1 Rh5 23. Rxc2 Rg5 24. Ne3 Qb6 25. Ng4 Nd7 26. Rfc1 Nc5 27. a5 Qxa5 28.
b4 Qxb4 29. Rxc5 Bxc5 30. Rb1 Qc3 31. Rxb7 a5 32. Qd1 Kf8 33. Rc7 Kg8 34. Rc8+
Kh7 35. Nxe5 Qb2 36. Qf1 1-0

[Event "USCL Miami vs Dallas"]
[Site "?"]
[Date "2005.10.12"]
[Round "7"]
[White "Suarez, Andres"]
[Black "Cabrera, Jose"]
[Result "1-0"]
[WhiteElo "2106"]
[BlackElo "2094"]
[PlyCount "93"]
[EventDate "2015.05.30"]
[SourceDate "2015.05.31"]

1. d4 d5 2. c4 e6 3. Nf3 Nf6 4. g3 Be7 5. Bg2 O-O 6. O-O b6 7. Nc3 Bb7 8. Ne5
Nbd7 9. b3 c5 10. e3 Rb8 11. Bb2 cxd4 12. exd4 Qc8 13. cxd5 Nxd5 14. Nxd5 Bxd5
15. Bxd5 Nxe5 16. Rc1 Qa6 17. dxe5 exd5 18. Rc7 Qxa2 19. Qa1 Qxa1 20. Rxa1 Bc5
21. Raxa7 Ra8 22. Rxa8 Rxa8 23. Rd7 Kf8 24. Rxd5 Ke7 25. Kg2 Ke6 26. Rd2 Ra2
27. f4 Bb4 28. Rf2 Bc5 29. Bd4 Ra3 30. Bxc5 bxc5 31. Rb2 Kd5 32. Rd2+ Ke6 33.
Rd6+ Ke7 34. Rb6 Ra2+ 35. Kh3 Rb2 36. Rc6 Rxb3 37. Rxc5 Rb2 38. g4 Rb3+ 39. Kh4
Rb4 40. f5 g6 41. Kg5 h6+ 42. Kxh6 Rxg4 43. Rc7+ Ke8 44. f6 Re4 45. Kg7 Rxe5
46. Rxf7 g5 47. Ra7 1-0

[Event "USCL San Francisco vs Carolina"]
[Site "?"]
[Date "2005.10.12"]
[Round "7"]
[White "Milman, Lev"]
[Black "Zilberstein, Dmitry"]
[Result "1/2-1/2"]
[WhiteElo "2538"]
[BlackElo "2425"]
[PlyCount "85"]
[EventDate "2015.05.30"]
[SourceDate "2015.05.31"]

1. e4 e5 2. Nf3 Nc6 3. Bb5 Nf6 4. O-O Nxe4 5. d4 Nd6 6. Bxc6 dxc6 7. dxe5 Nf5
8. Qxd8+ Kxd8 9. Nc3 Bd7 10. Rd1 Kc8 11. Ng5 Be8 12. b3 b6 13. g3 Kb7 14. Kg2
Bb4 15. Bb2 Bxc3 16. Bxc3 h6 17. Nf3 c5 18. g4 Ne7 19. Kg3 Bc6 20. Nh4 g5 21.
Nf5 Ng6 22. Rd2 h5 23. f3 hxg4 24. fxg4 Rh7 25. h3 Be4 26. Rh2 Rah8 27. Re1 Nf4
28. h4 Bxf5 29. gxf5 Nd5 30. Bd2 gxh4+ 31. Kh3 Ne7 32. f6 Nc6 33. e6 fxe6 34.
Rxe6 Nd4 35. Re7 Rxe7 36. fxe7 Kc8 37. Rf2 Re8 38. Bg5 Nc6 39. Re2 Kd7 40. Rd2+
Kc8 41. Re2 Kd7 42. Rd2+ Kc8 43. Re2 1/2-1/2

[Event "USCL San Francisco vs Carolina"]
[Site "?"]
[Date "2005.10.12"]
[Round "7"]
[White "Pruess, David"]
[Black "Schroer, Jonathan"]
[Result "1-0"]
[WhiteElo "2429"]
[BlackElo "2454"]
[PlyCount "93"]
[EventDate "2015.05.30"]
[SourceDate "2015.05.31"]

1. d4 Nf6 2. c4 c5 3. d5 b5 4. cxb5 a6 5. bxa6 g6 6. Nc3 Bxa6 7. g3 d6 8. Bg2
Bg7 9. Nf3 Nbd7 10. Rb1 O-O 11. O-O Qa5 12. Bd2 Rfb8 13. a4 Qd8 14. b3 Nb6 15.
Nh4 Ne8 16. Qc2 Nc7 17. Rfd1 Bc8 18. e4 Nd7 19. Na2 Ne8 20. b4 cxb4 21. Nxb4
Ne5 22. f4 Qb6+ 23. Kh1 Ng4 24. Be1 Ne3 25. Bf2 Nxc2 26. Bxb6 Na3 27. Nc6 Nxb1
28. Rxb1 Rb7 29. a5 Kf8 30. Nd8 Rd7 31. e5 Ba6 32. Nxf7 Rb7 33. Ng5 Kg8 34. Bh3
Nc7 35. Rc1 h6 36. Ne4 Ne8 37. Nxg6 Bd3 38. Be6+ Kh7 39. Bf5 Bxe4+ 40. Bxe4 Kg8
41. Bf5 Kf7 42. g4 Bf8 43. Nh4 Ng7 44. Bc8 Rbb8 45. Bd7 e6 46. Rc7 Be7 47. Bc6
1-0

[Event "USCL San Francisco vs Carolina"]
[Site "?"]
[Date "2005.10.12"]
[Round "7"]
[White "Pecora, David"]
[Black "Pinto, Mark"]
[Result "0-1"]
[WhiteElo "2098"]
[BlackElo "2214"]
[PlyCount "98"]
[EventDate "2015.05.30"]
[SourceDate "2015.05.31"]

1. e4 c5 2. Nf3 d6 3. d4 cxd4 4. Nxd4 Nf6 5. Nc3 a6 6. Be3 e5 7. Nb3 Be6 8. Be2
Be7 9. Qd2 Nbd7 10. g3 b5 11. Bf3 b4 12. Nd5 Bxd5 13. exd5 a5 14. Qd3 Qc7 15.
O-O O-O 16. a3 a4 17. Nd2 Rfc8 18. Rfc1 Nc5 19. Qc4 bxa3 20. Rxa3 Qb7 21. Qa2
e4 22. Bg2 Nd3 23. Rf1 Nb4 24. Qb1 Nxc2 25. Ra2 Qb4 26. Bg5 e3 27. Nf3 e2 28.
Rc1 h6 29. Bxf6 Bxf6 30. Rxc2 Rxc2 31. Qxc2 e1=Q+ 32. Nxe1 Qxe1+ 33. Bf1 Bd4
34. Kg2 Qb4 35. Bd3 Bc5 36. b3 a3 37. Bc4 Re8 38. Qf5 Qe1 39. Bd3 g6 40. Qf4
Kg7 41. b4 Qxb4 42. Bc4 Qc3 43. h4 h5 44. Bb5 Re5 45. Qc4 Qe1 46. Bc6 Rf5 47.
Qf1 Qxf1+ 48. Kxf1 Rxf2+ 49. Rxf2 Bxf2 0-1

[Event "USCL New York vs Miami"]
[Site "?"]
[Date "2005.10.19"]
[Round "8"]
[White "Stripunsky, Alex"]
[Black "Martinez, Marcel"]
[Result "1-0"]
[WhiteElo "2642"]
[BlackElo "2451"]
[PlyCount "137"]
[EventDate "2015.05.30"]
[SourceDate "2015.05.31"]

1. e4 e5 2. Nf3 Nc6 3. Bb5 a6 4. Ba4 d6 5. O-O Bd7 6. c3 Nf6 7. Re1 Be7 8. d4
O-O 9. Nbd2 exd4 10. cxd4 Nb4 11. Bxd7 Nxd7 12. Qb3 c5 13. a3 Nc6 14. d5 Nd4
15. Nxd4 cxd4 16. Nf3 Bf6 17. Qd1 Qb6 18. b3 Rfe8 19. Bb2 Nc5 20. Bxd4 Bxd4 21.
Qxd4 Qxb3 22. e5 Qb5 23. Rab1 Qd3 24. exd6 Qxd4 25. Nxd4 Rxe1+ 26. Rxe1 Rd8 27.
Re7 g6 28. Rc7 Ne4 29. d7 Nd6 30. Nb3 Kf8 31. Nc5 Ke7 32. f3 b6 33. Nxa6 Rxd7
34. Rc3 Nb5 35. Re3+ Kd6 36. a4 Nc7 37. Nxc7 Rxc7 38. Rb3 Ra7 39. Rxb6+ Kxd5
40. Rb4 Kc5 41. Rh4 h5 42. Re4 Kd5 43. h4 f5 44. Rf4 Rb7 45. Kh2 Rb2 46. a5 Ra2
47. Rb4 Ke6 48. Rb6+ Kf7 49. a6 Ra4 50. Kh3 Kg7 51. Rb7+ Kf6 52. a7 Ra3 53. Kg3
Ra4 54. Kf2 Ra3 55. f4 Ke6 56. Ke2 Kd5 57. g3 Ra2+ 58. Kd3 Ra3+ 59. Kc2 Kc4 60.
Kb2 Ra6 61. Rc7+ Kd4 62. Kb3 Ke3 63. Kb4 Kf2 64. Kb5 Ra1 65. Rg7 Kf3 66. Kb6
Kxg3 67. Rxg6+ Kxf4 68. Kb7 Rxa7+ 69. Kxa7 1-0

[Event "USCL New York vs Miami"]
[Site "?"]
[Date "2005.10.19"]
[Round "8"]
[White "Espino, Miguel"]
[Black "Krush, Irina"]
[Result "1/2-1/2"]
[WhiteElo "2271"]
[BlackElo "2443"]
[PlyCount "66"]
[EventDate "2015.05.30"]
[SourceDate "2015.05.31"]

1. c4 e5 2. e3 d6 3. d4 Nd7 4. Nf3 Ngf6 5. Be2 g6 6. Nc3 Bg7 7. O-O O-O 8. dxe5
dxe5 9. b3 Re8 10. Ba3 c6 11. Qc2 Bf8 12. Bxf8 Kxf8 13. b4 Qe7 14. Qb2 Nb6 15.
Nd2 Bf5 16. Rfd1 Rad8 17. e4 Be6 18. c5 Nc8 19. Nc4 Bxc4 20. Bxc4 Rd4 21. Rxd4
exd4 22. Ne2 Qxe4 23. Qxd4 Qxd4 24. Nxd4 Ne7 25. a4 Rd8 26. Nb3 Ne4 27. Be2 Nd5
28. b5 Rc8 29. Bf3 Nec3 30. Bxd5 Nxd5 31. Rc1 cxb5 32. axb5 b6 33. Kf1 bxc5
1/2-1/2

[Event "USCL New York vs Miami"]
[Site "?"]
[Date "2005.10.19"]
[Round "8"]
[White "Bonin, Jay"]
[Black "Santalla, Andres"]
[Result "1-0"]
[WhiteElo "2421"]
[BlackElo "2279"]
[PlyCount "87"]
[EventDate "2015.05.30"]
[SourceDate "2015.05.31"]

1. d4 Nf6 2. c4 g6 3. Nc3 Bg7 4. e4 d6 5. Nf3 O-O 6. Be2 e5 7. dxe5 dxe5 8.
Qxd8 Rxd8 9. Bg5 Re8 10. Nd5 Nxd5 11. cxd5 c6 12. Bc4 cxd5 13. Bxd5 Nc6 14.
Bxc6 bxc6 15. O-O Be6 16. Rfc1 Rec8 17. Nd2 Rab8 18. b3 f5 19. Be3 a6 20. Nc4
fxe4 21. Nd6 Rc7 22. Nxe4 Bc8 23. Rc4 Be6 24. Ra4 Bc8 25. Rd1 Rf7 26. f3 Bb7
27. Nc5 Ra8 28. Rc4 Bf8 29. Nxb7 Rxb7 30. Rxc6 a5 31. Rc4 a4 32. Rxa4 Rxa4 33.
bxa4 Rb2 34. Rd2 Rb4 35. a5 Ra4 36. Rd8 Kf7 37. Ra8 Bb4 38. a6 Ra3 39. Bb6 Ba5
40. Bc5 Rxa2 41. a7 Ra1+ 42. Kf2 Ra2+ 43. Ke3 Be1 44. Ke4 1-0

[Event "USCL New York vs Miami"]
[Site "?"]
[Date "2005.10.19"]
[Round "8"]
[White "Moskow, Eric"]
[Black "Fernandez, John"]
[Result "0-1"]
[WhiteElo "2198"]
[BlackElo "2122"]
[PlyCount "72"]
[EventDate "2015.05.30"]
[SourceDate "2015.05.31"]

1. Nf3 f5 2. c4 Nf6 3. Nc3 d6 4. g3 g6 5. Bg2 Bg7 6. O-O O-O 7. d3 Nc6 8. Rb1
a5 9. a3 Nh5 10. d4 f4 11. d5 Nb8 12. Nd4 e5 13. dxe6 c6 14. e3 fxg3 15. hxg3
Qe7 16. b3 Na6 17. Na4 Bxe6 18. Nxe6 Qxe6 19. Bb2 Nf6 20. Qd4 Rf7 21. Rbd1 Rd8
22. Qb6 Rdf8 23. Qxa5 Ng4 24. Bxg7 Kxg7 25. Qc3+ Kg8 26. Rd2 Qf5 27. f3 Ne5 28.
Rdf2 Qg5 29. g4 Qh4 30. Qd2 Qg3 31. Qe2 Nc7 32. Nc3 d5 33. cxd5 cxd5 34. a4 h5
35. gxh5 gxh5 36. Kh1 Ng4 0-1

[Event "USCL San Francisco vs Philadelphia"]
[Site "?"]
[Date "2005.10.19"]
[Round "8"]
[White "McCambridge, Vince"]
[Black "Rogers, Norman"]
[Result "1-0"]
[WhiteElo "2502"]
[BlackElo "2319"]
[PlyCount "61"]
[EventDate "2015.05.30"]
[SourceDate "2015.05.31"]

1. c4 Nf6 2. Nc3 g6 3. g3 Bg7 4. Bg2 O-O 5. d4 e5 6. dxe5 Ng4 7. f4 d6 8. Nf3
Nc6 9. h3 Nh6 10. exd6 cxd6 11. O-O Be6 12. Nd5 Na5 13. Qd3 Nf5 14. Kh2 Rc8 15.
Nd2 h5 16. e4 Nd4 17. b4 Bxd5 18. exd5 Re8 19. Bb2 Nf5 20. Bxg7 Re3 21. Qc2
Rxg3 22. Rae1 Qh4 23. Ne4 Rxc4 24. Qf2 Kxg7 25. Nxg3 Nxg3 26. Qxg3 Qxg3+ 27.
Kxg3 Rxb4 28. f5 h4+ 29. Kh2 Rb2 30. fxg6 Kxg6 31. Re4 1-0